Normal view
MARC view
Entry Uniform Title
001 - CONTROL NUMBER
- control field: 34104
003 - CONTROL NUMBER IDENTIFIER
- control field: dpl
005 - DATE AND TIME OF LATEST TRANSACTION
- control field: 20110901161859.0
008 - FIXED-LENGTH DATA ELEMENTS
- fixed length control field: 110901|||a|||||| | ||| d
040 ## - CATALOGING SOURCE
- Original cataloging agency: dpl
- Transcribing agency: dpl
130 ## - HEADING--UNIFORM TITLE
- Uniform title: Perfirnubg arts serues
670 ## - SOURCE DATA FOUND
- Source citation: Work cat.: (dpl)56173: Shea, Janet O' 34103, Bharata Natyam on the global stage: , 2007
670 ## - SOURCE DATA FOUND
- Source citation: Work cat.: (dpl)56173: Shea, Janet O' 34103, Bharata Natyam on the global stage: , 2007
